| 000 | 00584nam a2200181 i 4500 | ||
|---|---|---|---|
| 001 | 102633 | ||
| 003 | ES-MaACL | ||
| 005 | 20230906183141.0 | ||
| 007 | t| | ||
| 008 | 051123s1971 pr ||||1| spa d | ||
| 080 | _a821.134.2(729.5).09 | ||
| 100 | 1 |
_aMeléndez, Concha. _979908 |
|
| 245 | 1 | 0 |
_aLiteratura de ficción en Puerto Rico _b: cuento y novela / _cConcha Meléndez. |
| 260 |
_aSan Juan de Puerto Rico : _bCordillera, _c1971. |
||
| 300 |
_a195 p. ; _c21 cm. |
||
| 650 | 1 | 4 |
_aLiteratura puertorriqueña- _xHistoria y crítica. _914653 |
| 852 |
_aES-MaACL _jE-11118 _bR.136849 |
||
| 999 |
_c102633 _d102633 |
||